000 00320nam a2200121Ia 4500
100 _aNanjundiah/H.N
942 _cBK
654 _aexecutive
245 _aTowards executive excellence: Environment and innovative Organisation
260 _bMMC School Of Management
_aMumbai
082 _a658.409
_bNAN
546 _aENGLISH
999 _c19793
_d19793